书目信息 |
| 题名: |
天府发展战略学
|
|
| 作者: | 张建 著 | |
| 分册: | ||
| 出版信息: | 成都 四川大学出版社 2020.10 |
|
| 页数: | 12, 287页 | |
| 开本: | 24cm | |
| 丛书名: | ||
| 单 册: | ||
| 中图分类: | F127.711 | |
| 科图分类: | ||
| 主题词: | 区域经济发展--qu yu jing ji fa zhan--经济发展战略--研究--成都 | |
| 电子资源: | ||
| ISBN: | 978-7-5690-3398-4 | |
| 000 | 01366nam0 2200253 450 | |
| 001 | CAL 0120203119682 | |
| 005 | 20230217093111.0 | |
| 010 | @a978-7-5690-3398-4@b精装@dCNY89.00 | |
| 100 | @a20201223d2020 em y0chiy0120 ea | |
| 101 | 0 | @achi@eeng |
| 102 | @aCN@b510000 | |
| 105 | @aak a 000yy | |
| 106 | @ar | |
| 200 | 1 | @a天府发展战略学@Atian fu fa zhan zhan lue xue@f张建著 |
| 210 | @a成都@c四川大学出版社@d2020.10 | |
| 215 | @a12, 287页@c图@d24cm | |
| 314 | @a张建, 武汉大学公共事业管理本科、中共党史 (含党的学说与党的建设) 硕士研究生、行政管理博士研究生。 | |
| 320 | @a有书目 (第276-277页) | |
| 330 | @a本书从“战略的高度、战略的准度、战略的力度、战略的效度”四个方面阐释了战略何为、战略何向、战略何兴、战略何存。以四川天府新区成都直管区为例, 将战略理论与区域发展实践紧密结合, 深入分析了战略定位、战略布局、战略方向、战略承载、战略支撑、战略传导、战略动力、战略导向、战略整合、战略评估等十个细分领域。本书阐述了产业功能区明确“一芯一屏”的主导产业方向, 重点发展集成电路、新型显示、5G通信等高新技术 ; 新经济活力区聚焦5G通信与人工智能、网络视听与数字文创、大数据与网络安全、区块链应用创新, 聚力建设成为具有全球影响力的新经济策源地和活力区。 | |
| 606 | 0 | @a区域经济发展@Aqu yu jing ji fa zhan@x经济发展战略@x研究@y成都 |
| 690 | @aF127.711@v5 | |
| 701 | 0 | @a张建@Azhang jian@4著 |
| 801 | 0 | @aCN@bBJXHZP@c20230222 |
| 905 | @b1393607-10@dF127.711@e407@f4 | |
| 天府发展战略学/张建著.-成都:四川大学出版社,2020.10 |
| 12, 287页:图;24cm |
| ISBN 978-7-5690-3398-4(精装):CNY89.00 |
| 本书从“战略的高度、战略的准度、战略的力度、战略的效度”四个方面阐释了战略何为、战略何向、战略何兴、战略何存。以四川天府新区成都直管区为例, 将战略理论与区域发展实践紧密结合, 深入分析了战略定位、战略布局、战略方向、战略承载、战略支撑、战略传导、战略动力、战略导向、战略整合、战略评估等十个细分领域。本书阐述了产业功能区明确“一芯一屏”的主导产业方向, 重点发展集成电路、新型显示、5G通信等高新技术 ; 新经济活力区聚焦5G通信与人工智能、网络视听与数字文创、大数据与网络安全、区块链应用创新, 聚力建设成为具有全球影响力的新经济策源地和活力区。 |
| ● |
| 相关链接 |
|
|
|
|
正题名:天府发展战略学
索取号:F127.711/407
 
预约/预借
| 序号 | 登录号 | 条形码 | 馆藏地/架位号 | 状态 | 备注 |
| 1 | 1393607 | 213936071 | 第一样本阅览室/ [索取号:F127.711/407] | 在馆 | |
| 2 | 1393608 | 213936080 | 第一借阅区/ [索取号:F127.711/407] | 在馆 | |
| 3 | 1393609 | 213936099 | 第一借阅区/ [索取号:F127.711/407] | 在馆 | |
| 4 | 1393610 | 213936106 | 第一借阅区/ [索取号:F127.711/407] | 在馆 |